<?xml version="1.0" encoding="UTF-8"?>
<record
    xmlns:xsi="http://www.w3.org/2001/XMLSchema-instance"
    xsi:schemaLocation="http://www.loc.gov/MARC21/slim http://www.loc.gov/standards/marcxml/schema/MARC21slim.xsd"
    xmlns="http://www.loc.gov/MARC21/slim">

  <leader>00789nam a22001937a 4500</leader>
  <controlfield tag="005">20221208163921.0</controlfield>
  <controlfield tag="008">221208b           ||||| |||| 00| 0 eng d</controlfield>
  <datafield tag="040" ind1=" " ind2=" ">
    <subfield code="c">AL</subfield>
  </datafield>
  <datafield tag="041" ind1=" " ind2=" ">
    <subfield code="a">hin</subfield>
  </datafield>
  <datafield tag="082" ind1=" " ind2=" ">
    <subfield code="2">23</subfield>
    <subfield code="a">539.7H</subfield>
    <subfield code="b">MISC</subfield>
  </datafield>
  <datafield tag="100" ind1=" " ind2=" ">
    <subfield code="a">Umesh Chandr Mishr: &#x909;&#x92E;&#x947;&#x936; &#x91A;&#x928;&#x94D;&#x926;&#x94D;&#x930;  &#x92E;&#x93F;&#x936;&#x94D;&#x930; </subfield>
    <subfield code="9">65196</subfield>
  </datafield>
  <datafield tag="245" ind1=" " ind2=" ">
    <subfield code="a">Chamatkar parmanu urja ke: </subfield>
    <subfield code="b">&#x91A;&#x92E;&#x924;&#x94D;&#x915;&#x93E;&#x930; &#x92A;&#x930;&#x92E;&#x93E;&#x923;&#x941; &#x90A;&#x930;&#x94D;&#x91C;&#x93E; &#x915;&#x947; </subfield>
  </datafield>
  <datafield tag="260" ind1=" " ind2=" ">
    <subfield code="a">Nayi Dilli</subfield>
    <subfield code="b">National Council of Educational Research and Training</subfield>
    <subfield code="c">1999</subfield>
  </datafield>
  <datafield tag="300" ind1=" " ind2=" ">
    <subfield code="a">xiv,128p.</subfield>
    <subfield code="b">PB</subfield>
    <subfield code="c">20x16cm.</subfield>
  </datafield>
  <datafield tag="365" ind1=" " ind2=" ">
    <subfield code="2">Hindi</subfield>
  </datafield>
  <datafield tag="650" ind1=" " ind2=" ">
    <subfield code="a">Urja Sadhanon Ka Vikas: &#x90A;&#x930;&#x94D;&#x91C;&#x93E; &#x938;&#x93E;&#x927;&#x928;&#x94B;&#x902; &#x915;&#x93E; &#x935;&#x93F;&#x915;&#x93E;&#x938; </subfield>
    <subfield code="9">65194</subfield>
  </datafield>
  <datafield tag="700" ind1=" " ind2=" ">
    <subfield code="a">Mishr (Umesh Chandr): &#x92E;&#x93F;&#x936;&#x94D;&#x930; (&#x909;&#x92E;&#x947;&#x936; &#x91A;&#x928;&#x94D;&#x926;&#x94D;&#x930;)</subfield>
    <subfield code="9">65195</subfield>
  </datafield>
  <datafield tag="942" ind1=" " ind2=" ">
    <subfield code="2">ddc</subfield>
    <subfield code="c">GF</subfield>
  </datafield>
  <datafield tag="999" ind1=" " ind2=" ">
    <subfield code="c">225525</subfield>
    <subfield code="d">225525</subfield>
  </datafield>
  <datafield tag="952" ind1=" " ind2=" ">
    <subfield code="0">0</subfield>
    <subfield code="1">0</subfield>
    <subfield code="2">ddc</subfield>
    <subfield code="4">0</subfield>
    <subfield code="7">0</subfield>
    <subfield code="8">HIN</subfield>
    <subfield code="a">AL</subfield>
    <subfield code="b">AL</subfield>
    <subfield code="d">2013-03-24</subfield>
    <subfield code="l">0</subfield>
    <subfield code="o">539.7H MISC</subfield>
    <subfield code="p">GF02645</subfield>
    <subfield code="r">2022-12-08 00:00:00</subfield>
    <subfield code="w">2022-12-08</subfield>
    <subfield code="y">GF</subfield>
  </datafield>
</record>
